Literatura pro 3. ročník středních škol /

Hlavní autor: Pohorský, Miloš, 1929-2013
Jazyk: Čeština
Vydáno: Praha : Státní pedagogické nakladatelství, 1975
Vydání: 3., přeprac. vyd.
Edice: Učebnice pro střední školy (Státní pedagogické nakladatelství)
Fyzický popis: 310 s. ; 8°
Knihy
Uloženo v:
LEADER 01302nam a22003132a 4500
001 000056014
003 CZ BrMZK
005 20120903143139.0
007 ta
008 950407s1975 xr f 001 0 cze d
015 |a cnb000498226  |z cnb000471469 
035 |a (OCoLC)42131312 
040 |a ABA001  |b cze  |c LIA001  |d ABA001  |d BOA001 
080 9 |a 885(091)"189/192"(075.3) 
100 1 |a Pohorský, Miloš,  |d 1929-2013  |7 jk01100312  |4 aut 
245 1 0 |a Literatura pro 3. ročník středních škol /  |c Miloš Pohorský 
250 |a 3., přeprac. vyd. 
260 |a Praha :  |b Státní pedagogické nakladatelství,  |c 1975 
300 |a 310 s. ;  |c 8° 
490 1 |a Učebnice pro střední školy 
500 |a 70000 výt., 30000 výt. dotisk 1976 
500 |a Obsahuje rejstřík 
500 |a Jmenný a věcný rejstřík 
830 0 |a Učebnice pro střední školy (Státní pedagogické nakladatelství)  |0 s 
910 |a BOA001  |b PK-0075.538  |b 2-0744.993 
990 |a BK 
996 7 |b 2619557251  |c 2-0744.993  |l Sklad H1  |r Sklad / do 24 hodin  |n 0  |h HS 212  |w 000056014  |u 000020  |a 1  |e BOA001  |j MZK50  |s A 
996 6 |b 2619557306  |c 2-0744.993  |l Sklad H1  |r Sklad / do 24 hodin  |n 0  |h HS 212  |w 000056014  |u 000030  |a 1  |e BOA001  |j MZK50  |s P 
996 7 |b 3119828004  |c PK-0075.538  |l MZK  |r Sklad / do 1 hodiny  |n 5  |w 000056014  |u 000010  |a 1  |e BOA001  |j MZK50  |s A